Przez jakie powiaty przepływa ta rzeka? #3 - Statystyki

Ogólne statystyki
  • Ten quiz został rozwiązany 45 razy
  • Średni wynik to 20 z 26
Statystyki odpowiedzi
rzeka powiat % Poprawnych
Poznań
100%
konin
97%
poznański
95%
koniński
92%
kolski
84%
turecki
84%
gorzowski
82%
słupecki
82%
średzki
82%
Warta częstochowski
79%
słubicki
79%
szamotulski
79%
obornicki
76%
sieradzki
76%
międzychodzki
74%
międzyrzecki
74%
poddębicki
74%
wieluński
74%
Warta wrzesińśki
74%
zduńskowolski
74%
Gorzów Wielkopolski
71%
łaski
68%
śremski
68%
sulęciński
68%
radomszczański
66%
pajęczyński
29%
Nie znaleziono quizów pasujących do podanych kryteriów
Rozkład punktacji
Procent ludzi z każdym wynikiem
Percentyl według liczby udzielonych odpowiedzi
Twoja historia wyników
Nie rozwiązałeś tego quizu